Quiz sur la musique francophone VOL7 - Statistiques

Statistiques générales
  • Ce quiz a été pris 29 fois
  • Le résultat moyen est 7 sur 15
Statistiques - réponses
Question Réponse % Correct
Pour la bande originale de quelle série NETFLIX, Pomme & Stromae partagent le titre "Ma Meilleure Ennemie" ? Arcane
100%
Qui a remporté une saison de "Danse avec les stars"? Tayc
67%
Quel groupe accompagnait Dorothée dans ses émissions? Les Musclés
63%
Quelle chanson portant une couleur n'existe pas? Le marié et l'orange
59%
Qui interprète "Dieu m'a donné la foi"? Ophélie Winter
59%
Quel artiste a collaboré avec Madonna? Christine & The Queens
56%
Quel auteur de littérature a enregistré plusieurs albums? Michel Houellebecq
52%
De quel groupe ont fait parti Alpha Wann, Sneazzy et Nekfeu? 1995
48%
Qui n'a jamais reçu le prix d'artiste masculin de l'année aux Victoires de la musique? Pascal Obispo
41%
Qui a participé à l'écriture et la composition du 1er album de Christophe Willem "Inventaire" en 2007? Valérie Lemercier, Philippe Katerine & Zazie
41%
Qui a été membre du groupe de rock français "La Femme"? Clara Luciani
37%
Qui incarnaient Roméo et Juliette dans la comédie musciale "Roméo et Juliette, de la haine à l'amour" en 2001 Damien Sargue & Cécilia Cara
37%
Quelle chanson n'est pas dédiée à l'enfant de l'artiste qui l'interprète? Barbara Pravi "Exister"
33%
Qui a sorti l'album concept "Piano bar" en 2002 : reprises de standards français en anglais? Patricia Kaas
33%
Lequel de ces albums culte est sorti le 1er?
22%
Aucun quiz correspondant
Distribution des résultats
% des personnes avec chaque résultat
Percentile par nombre de réponses
Votre historique - résultats
Vous n’avez pas pris ce quiz